[Event "September Lviv Tradition (IM-group)"]
[Site "Lviv"]
[Date "2015.09.28"]
[Round "1.2"]
[White "Naboka, Sergey"]
[Black "Andersen, Alf R"]
[Result "1-0"]
[WhiteElo "2237"]
[BlackElo "2178"]
[PlyCount "93"]
[EventDate "2015.09.28"]

1. e4 c5 2. Nf3 d6 3. d4 cxd4 4. Nxd4 Nf6 5. f3 e5 6. Bb5+ Bd7 7. Bxd7+ Nbxd7
8. Nf5 d5 9. exd5 Nb6 10. Qe2 Qxd5 11. Nc3 Qe6 12. g4 g6 13. Nb5 O-O-O 14. Ne3
Kb8 15. Bd2 Bh6 16. Nc4 Bxd2+ 17. Nxd2 Rhe8 18. O-O-O Qxa2 19. Nb3 Rc8 20. Nc3
Rxc3 21. bxc3 e4 22. Rd4 Nfd5 23. Rxe4 Qa3+ 24. Kd2 Rd8 25. Re8 Qd6 26. Rxd8+
Qxd8 27. Qe5+ Ka8 28. Kc1 Qf8 29. Qd4 Qa3+ 30. Kd2 a6 31. Re1 Qd6 32. Re8+ Ka7
33. c4 Qb4+ 34. c3 Qxb3 35. cxd5 Qb2+ 36. Ke1 Qxh2 37. d6 Qg3+ 38. Ke2 Qh2+ 39.
Kd1 Qh1+ 40. Kc2 Qa1 41. d7 Qa2+ 42. Kd1 Qb1+ 43. Kd2 Qb2+ 44. Ke1 Qb1+ 45. Kf2
Qb2+ 46. Kg3 h5 47. d8=Q 1-0

[Event "September Lviv Tradition (IM-group)"]
[Site "Lviv"]
[Date "2015.09.28"]
[Round "1.3"]
[White "Tarleva, Vira"]
[Black "Shkuran, Daniil"]
[Result "0-1"]
[WhiteElo "2107"]
[BlackElo "2433"]
[PlyCount "80"]
[EventDate "2015.09.28"]

1. e4 c5 2. Nf3 e6 3. d4 cxd4 4. Nxd4 a6 5. Nc3 Qc7 6. Be2 Nf6 7. O-O Nc6 8.
Be3 b5 9. a3 Bb7 10. f4 d6 11. Kh1 Be7 12. Qe1 O-O 13. Qg3 b4 14. axb4 Nxb4 15.
Bf3 Kh8 16. e5 Nfd5 17. Nxd5 Bxd5 18. Bxd5 Nxd5 19. Bd2 Qb6 20. Qd3 a5 21. exd6
Bxd6 22. Nb5 Bc5 23. c4 Ne3 24. Bxe3 Bxe3 25. Rf3 Bc5 26. Rh3 g6 27. Qc3+ Kg8
28. Qf6 Rfd8 29. Qh4 h5 30. Qg5 Bf8 31. Qe5 Rd2 32. b3 Qc6 33. Qg5 a4 34. Rxh5
axb3 35. Rg1 Rad8 36. Rh3 b2 37. Na3 Rd1 38. Qh4 Rxg1+ 39. Kxg1 Qb6+ 40. Kf1
b1=R+ 0-1

[Event "September Lviv Tradition (IM-group)"]
[Site "Lviv"]
[Date "2015.09.28"]
[Round "1.4"]
[White "Walter, Szymon"]
[Black "Nesteretz, Anatoliy"]
[Result "0-1"]
[WhiteElo "2214"]
[BlackElo "2422"]
[PlyCount "98"]
[EventDate "2015.09.28"]

1. e4 c5 2. Nf3 d6 3. d4 cxd4 4. Nxd4 Nf6 5. Nc3 a6 6. h3 e5 7. Nde2 h5 8. Bg5
Be6 9. f4 Nbd7 10. f5 Bc4 11. Ng3 Rc8 12. Qf3 Be7 13. O-O-O Qa5 14. Kb1 b5 15.
Bxc4 Rxc4 16. Bxf6 Nxf6 17. Rhe1 h4 18. Nf1 Rd4 19. Ne3 O-O 20. Ned5 Nxd5 21.
Nxd5 Bg5 22. c3 Rxd1+ 23. Rxd1 Qd8 24. Qd3 Bh6 25. f6 gxf6 26. Qf3 f5 27. Qxf5
Qg5 28. Nf6+ Kg7 29. Qxg5+ Bxg5 30. Nd7 Re8 31. Rxd6 f5 32. Nc5 Be7 33. Rd7 Kg6
34. exf5+ Kxf5 35. Nb3 Kf4 36. Rd2 Ke3 37. Kc2 Rf8 38. Rd3+ Kf2 39. Rd7 Bg5 40.
Rg7 Bf4 41. Nc5 Bg3 42. Nd3+ Kg1 43. Kd1 e4 44. Nc5 Rf1+ 45. Kc2 Rf2+ 46. Kb3
e3 47. a4 bxa4+ 48. Kxa4 Rxb2 49. Ka3 e2 0-1

[Event "September Lviv Tradition (IM-group)"]
[Site "Lviv"]
[Date "2015.09.28"]
[Round "1.5"]
[White "Bondarets, Vadim"]
[Black "Hagesather, Ellen"]
[Result "1-0"]
[WhiteElo "2289"]
[BlackElo "2192"]
[PlyCount "77"]
[EventDate "2015.09.28"]

1. e4 e5 2. Bc4 Bc5 3. Nc3 d6 4. Na4 Nf6 5. Nxc5 dxc5 6. d3 h6 7. f4 exf4 8.
Bxf4 Nc6 9. a3 Qe7 10. Nf3 a6 11. O-O Bg4 12. h3 Bxf3 13. Qxf3 Ne5 14. Bxe5
Qxe5 15. Qf5 Qd4+ 16. Kh1 O-O 17. c3 Qd8 18. Qxc5 b5 19. Bd5 Rb8 20. Rad1 Nxd5
21. exd5 Rb6 22. b4 Rg6 23. c4 Re8 24. Rde1 Rxe1 25. Rxe1 Qh4 26. Qe7 Qg3 27.
Qe2 bxc4 28. dxc4 Qxa3 29. Qd2 Qg3 30. c5 Rf6 31. Kg1 Qg6 32. Rd1 Qf5 33. d6
cxd6 34. cxd6 Qd7 35. Qd3 Rf4 36. Qc3 Qa4 37. Rc1 Re4 38. Qc8+ Kh7 39. Qf5+ 1-0

[Event "September Lviv Tradition (IM-group)"]
[Site "Lviv"]
[Date "2015.09.28"]
[Round "1.6"]
[White "Anwesh, Upadhyaya"]
[Black "Vasina, Olena"]
[Result "1-0"]
[WhiteElo "2412"]
[BlackElo "2072"]
[PlyCount "79"]
[EventDate "2015.09.28"]

1. Nf3 Nf6 2. d4 e6 3. g3 d5 4. Bg2 Be7 5. O-O O-O 6. c4 c6 7. Nbd2 b6 8. Qc2
Ba6 9. b3 c5 10. e4 Nc6 11. exd5 exd5 12. Rd1 cxd4 13. Bb2 Nb4 14. Qb1 d3 15.
Ne1 Rc8 16. a3 Nc2 17. Nxc2 dxc2 18. Qxc2 Qc7 19. Rac1 dxc4 20. Nxc4 Bb7 21.
Be5 Qxe5 22. Nxe5 Rxc2 23. Rxc2 Bxg2 24. Kxg2 Bxa3 25. Ra2 Bc5 26. Rxa7 Re8 27.
Nd7 Nxd7 28. Rdxd7 Rf8 29. Ra4 Re8 30. Raa7 Rf8 31. f4 g6 32. Kf3 Kg7 33. g4
Kf6 34. g5+ Ke6 35. Rd2 h5 36. Ra1 f6 37. Re1+ Kf7 38. Rd7+ Kg8 39. Re6 fxg5
40. Rxg6+ 1-0

[Event "September Lviv Tradition (IM-group)"]
[Site "Lviv"]
[Date "2015.09.29"]
[Round "2.2"]
[White "Hagesather, Ellen"]
[Black "Anwesh, Upadhyaya"]
[Result "0-1"]
[WhiteElo "2192"]
[BlackElo "2412"]
[PlyCount "68"]
[EventDate "2015.09.28"]

1. c4 Nf6 2. g3 e6 3. Bg2 d5 4. Nf3 dxc4 5. O-O Nbd7 6. Na3 c5 7. Nxc4 Be7 8.
d3 O-O 9. a4 Nd5 10. a5 N7f6 11. Bd2 Bd7 12. Qb3 Rb8 13. Nfe5 Be8 14. Rfd1 Nd7
15. e4 Nxe5 16. exd5 Nxc4 17. dxc4 e5 18. Qe3 Bd6 19. b4 Qc7 20. b5 f5 21. Qe2
Bg6 22. Bc3 Rbe8 23. Re1 Qf7 24. Qb2 e4 25. f4 exf3 26. Bxf3 f4 27. g4 Re3 28.
Kg2 h5 29. h3 Qe7 30. Rxe3 fxe3 31. Rf1 Bd3 32. Be2 Qe4+ 33. Kg1 Rxf1+ 34. Bxf1
e2 0-1

[Event "September Lviv Tradition (IM-group)"]
[Site "Lviv"]
[Date "2015.09.29"]
[Round "2.3"]
[White "Nesteretz, Anatoliy"]
[Black "Bondarets, Vadim"]
[Result "0-1"]
[WhiteElo "2422"]
[BlackElo "2289"]
[PlyCount "88"]
[EventDate "2015.09.28"]

1. e4 d6 2. d4 Nf6 3. Nc3 g6 4. h3 Bg7 5. Be3 O-O 6. Nf3 c6 7. a4 Qa5 8. Bd3
Na6 9. O-O Nb4 10. Be2 e5 11. dxe5 dxe5 12. Nd2 Rd8 13. Qb1 Be6 14. Nd1 c5 15.
c3 Nc6 16. Qc2 Bf8 17. Bg5 Be7 18. Nc4 Qc7 19. Nde3 Ne8 20. Bh6 Bf8 21. Bxf8
Kxf8 22. Nd5 Bxd5 23. exd5 Rxd5 24. Bf3 Rdd8 25. Bxc6 bxc6 26. Qe4 Rd5 27. Ne3
Rd2 28. f4 exf4 29. Rxf4 Kg7 30. Raf1 f6 31. Ng4 f5 32. Qe3 Rad8 33. Ne5 R2d5
34. Nf3 Nf6 35. Ng5 Re5 36. Qf2 Rde8 37. b4 h6 38. Nf3 Re2 39. Qh4 Nd5 40. Rc4
Ne3 41. Rxc5 Nxf1 42. Qd4+ Kh7 43. Ra5 R8e7 44. Kxf1 Qg3 0-1

[Event "September Lviv Tradition (IM-group)"]
[Site "Lviv"]
[Date "2015.09.29"]
[Round "2.4"]
[White "Shkuran, Daniil"]
[Black "Walter, Szymon"]
[Result "1/2-1/2"]
[WhiteElo "2433"]
[BlackElo "2214"]
[PlyCount "94"]
[EventDate "2015.09.28"]

1. e4 c5 2. Nf3 d6 3. d4 cxd4 4. Nxd4 Nf6 5. Nc3 g6 6. g3 Bg7 7. Bg2 O-O 8. O-O
Nc6 9. Nxc6 bxc6 10. e5 dxe5 11. Bxc6 Bf5 12. Qxd8 Raxd8 13. Ba4 e4 14. Re1 h6
15. Be3 Rc8 16. Bb3 a6 17. Rad1 Kh7 18. Bd4 g5 19. Na4 Kg6 20. c4 Rfd8 21. Nb6
Rc6 22. c5 Rxd4 23. Rxd4 Rxc5 24. Nd5 Nxd5 25. Rxd5 Rc6 26. Ra5 e6 27. g4 Bxg4
28. Rxe4 Bf3 29. Rc4 Rd6 30. Ra3 g4 31. Bc2+ f5 32. Rd3 Rb6 33. Rb3 Rd6 34. Rd3
Rb6 35. Bd1 Bd5 36. Ra4 Rxb2 37. Rxa6 Bc4 38. Rad6 Bxd3 39. Rxd3 Rxa2 40. Rd6
Kf7 41. Rxe6 Kxe6 42. Bb3+ Ke5 43. Bxa2 Kf4 44. Kg2 h5 45. h3 h4 46. Bd5 Bd4
47. f3 g3 $11 1/2-1/2

[Event "September Lviv Tradition (IM-group)"]
[Site "Lviv"]
[Date "2015.09.29"]
[Round "2.5"]
[White "Andersen, Alf R"]
[Black "Tarleva, Vira"]
[Result "1-0"]
[WhiteElo "2178"]
[BlackElo "2107"]
[PlyCount "109"]
[EventDate "2015.09.28"]

1. e4 c5 2. Nf3 d6 3. d4 cxd4 4. Nxd4 Nf6 5. Nc3 a6 6. Be3 e5 7. Nb3 Be7 8. f3
Be6 9. Qd2 O-O 10. O-O-O b5 11. Qf2 Nbd7 12. g4 Rb8 13. Rg1 Qc7 14. g5 Nh5 15.
Nd5 Bxd5 16. exd5 Nb6 17. Kb1 Nc4 18. Bc1 a5 19. Nd2 Qb6 20. Qxb6 Nxb6 21. Nb3
Ra8 22. Bxb5 a4 23. Na1 Ra5 24. c4 Rc8 25. Bd2 Raa8 26. Rc1 f5 27. Be3 Rab8 28.
Bxb6 Rxb6 29. Bxa4 Nf4 30. Rc2 Nh3 31. Rg3 Nxg5 32. Bd7 Rf8 33. Rcg2 g6 34.
Rxg5 Bxg5 35. Rxg5 e4 36. f4 Kg7 37. Nc2 Kf6 38. Rg3 h6 39. Rh3 Rh8 40. Nd4 Rb7
41. Be6 Rbh7 42. a4 g5 43. Bxf5 Ra7 44. fxg5+ Kxg5 45. b3 Kf4 46. Be6 Rg7 47.
Rh4+ Kg5 48. Rxe4 h5 49. Nf5 Rb7 50. Kc2 Rhb8 51. h4+ Kg6 52. Re3 Rf8 53. Rg3+
Kf6 54. Nxd6 Rg7 55. Ne4+ 1-0

[Event "September Lviv Tradition (IM-group)"]
[Site "Lviv"]
[Date "2015.09.29"]
[Round "2.6"]
[White "Lizak, Jakub"]
[Black "Naboka, Sergey"]
[Result "1/2-1/2"]
[WhiteElo "2113"]
[BlackElo "2237"]
[PlyCount "77"]
[EventDate "2015.09.28"]

1. e4 c5 2. Nf3 Nc6 3. Bb5 d6 4. d4 cxd4 5. Qxd4 Bd7 6. Bxc6 Bxc6 7. Nc3 Nf6 8.
Bg5 e6 9. O-O-O Be7 10. Qd3 O-O 11. Nd4 Rc8 12. f4 Qa5 13. g4 Rfe8 14. Rhg1 a6
15. Bxf6 Bxf6 16. g5 Bxd4 17. Qxd4 e5 18. Qf2 b5 19. Kb1 exf4 20. Qxf4 b4 21.
Nd5 Bxd5 22. Rxd5 Qc7 23. Qd2 Rxe4 24. Rxd6 Rce8 25. Rd1 g6 26. Rd7 Qf4 27.
Qxf4 Rxf4 28. a3 bxa3 29. bxa3 Re5 30. R7d5 Re2 31. R1d2 Rxd2 32. Rxd2 Rf5 33.
Rg2 $11 Kg7 34. Kb2 Rb5+ 35. Kc3 Ra5 36. Kb4 Rb5+ 37. Kc4 Ra5 38. Kb4 Rb5+ 39.
Kc4 $11 1/2-1/2

[Event "September Lviv Tradition (IM-group)"]
[Site "Lviv"]
[Date "2015.09.29"]
[Round "3.2"]
[White "Tarleva, Vira"]
[Black "Lizak, Jakub"]
[Result "1-0"]
[WhiteElo "2107"]
[BlackElo "2113"]
[PlyCount "47"]
[EventDate "2015.09.28"]

1. e4 c5 2. Nf3 Nc6 3. d4 cxd4 4. Nxd4 Nf6 5. Nc3 e5 6. Ndb5 d6 7. Nd5 Nxd5 8.
exd5 Nb8 9. c4 Be7 10. Bd3 O-O 11. c5 a6 12. Nxd6 Bxd6 13. cxd6 Qxd6 14. O-O
Rd8 15. Bg5 f6 16. Be3 f5 17. Rc1 e4 18. Bc5 Qf6 19. Bc4 Nd7 20. Be7 Qb6 21.
Bxd8 Qxd8 22. d6+ Kh8 23. Qd4 Nf6 24. Bb3 1-0

[Event "September Lviv Tradition (IM-group)"]
[Site "Lviv"]
[Date "2015.09.29"]
[Round "3.3"]
[White "Walter, Szymon"]
[Black "Andersen, Alf R"]
[Result "1/2-1/2"]
[WhiteElo "2214"]
[BlackElo "2178"]
[PlyCount "61"]
[EventDate "2015.09.28"]

1. e4 e6 2. d4 d5 3. Nc3 Bb4 4. e5 c5 5. Bd2 Nh6 6. Nb5 Bxd2+ 7. Qxd2 O-O 8. f4
Nc6 9. Nf3 cxd4 10. O-O-O Nf5 11. Nbxd4 Nfxd4 12. Nxd4 Nxd4 13. Qxd4 Qa5 14.
Kb1 b6 15. Bd3 Ba6 16. f5 Bxd3 17. Rxd3 exf5 18. Qf4 Rae8 19. Qxf5 d4 20. Qf2
Qxe5 21. Rxd4 Re6 22. g3 Rfe8 23. a3 Rd6 24. Rxd6 Qxd6 25. Re1 Rxe1+ 26. Qxe1
g6 27. Qe2 h5 28. Qe4 Kg7 29. c4 a5 30. Kc2 f5 31. Qe3 $11 1/2-1/2

[Event "September Lviv Tradition (IM-group)"]
[Site "Lviv"]
[Date "2015.09.29"]
[Round "3.4"]
[White "Bondarets, Vadim"]
[Black "Shkuran, Daniil"]
[Result "1/2-1/2"]
[WhiteElo "2289"]
[BlackElo "2433"]
[PlyCount "60"]
[EventDate "2015.09.28"]

1. Nf3 d5 2. g3 Nf6 3. Bg2 c6 4. b3 Bf5 5. Bb2 e6 6. O-O Nbd7 7. d3 Be7 8. Nh4
Bg6 9. Nxg6 hxg6 10. Nd2 Qb6 11. e4 dxe4 12. dxe4 e5 13. Nc4 Qc7 14. a4 O-O 15.
Qf3 Rfe8 16. Qc3 Bc5 17. Qf3 Nf8 18. Rad1 a5 19. Rd2 Bb4 20. Rdd1 b5 21. axb5
cxb5 22. Ne3 Ne6 23. Qe2 Rab8 24. c4 bxc4 25. Nxc4 Nc5 26. Qc2 Ncd7 27. Rc1 Re6
28. Rfd1 Rc6 29. h4 Re8 30. Ba1 Nb6 $11 1/2-1/2

[Event "September Lviv Tradition (IM-group)"]
[Site "Lviv"]
[Date "2015.09.29"]
[Round "3.5"]
[White "Anwesh, Upadhyaya"]
[Black "Nesteretz, Anatoliy"]
[Result "1/2-1/2"]
[WhiteElo "2412"]
[BlackElo "2422"]
[PlyCount "73"]
[EventDate "2015.09.28"]

1. e4 e5 2. Nf3 Nc6 3. Nc3 Nf6 4. d4 exd4 5. Nxd4 Bb4 6. Nxc6 bxc6 7. Bd3 O-O
8. O-O d5 9. exd5 cxd5 10. Bg5 c6 11. Qf3 h6 12. Bxf6 Qxf6 13. Qxf6 gxf6 14.
Ne2 Bd6 15. Rad1 Be6 16. b3 a5 17. Nd4 c5 18. Nf5 Bxf5 19. Bxf5 d4 20. Rfe1
Rfe8 21. g3 Re5 22. Bd3 Rae8 23. Rf1 Kg7 24. Kg2 Ra8 25. Bc4 Bc7 26. a4 Rae8
27. Rd3 Re2 28. Rc1 Re1 29. Rdd1 Rxd1 30. Rxd1 Re7 31. Kf1 f5 32. Rd3 f4 33.
Rf3 fxg3 34. hxg3 f6 35. Rd3 Re5 36. c3 Bb6 37. Rf3 $11 1/2-1/2

[Event "September Lviv Tradition (IM-group)"]
[Site "Lviv"]
[Date "2015.09.29"]
[Round "3.6"]
[White "Vasina, Olena"]
[Black "Hagesather, Ellen"]
[Result "1-0"]
[WhiteElo "2072"]
[BlackElo "2192"]
[PlyCount "159"]
[EventDate "2015.09.28"]

1. c4 e5 2. Nc3 c5 3. g3 Nc6 4. Bg2 g6 5. e3 Bg7 6. Nge2 Nge7 7. O-O O-O 8. d3
d6 9. Nd5 Nxd5 10. cxd5 Ne7 11. Bd2 b5 12. a4 Bb7 13. e4 b4 14. b3 a5 15. Rc1
Ba6 16. Bg5 f6 17. Be3 Kh8 18. f4 Ng8 19. Qd2 Bc8 20. h3 Ra7 21. Rf2 Raf7 22.
Rcf1 Qe7 23. Qc2 Bh6 24. Qc1 Ba6 25. Qd2 Bc8 26. Kh2 Bg7 27. Ng1 h6 28. Rf3 g5
29. R3f2 exf4 30. gxf4 gxf4 31. Bxf4 f5 32. Ne2 fxe4 33. dxe4 Ba6 34. Kh1 Kh7
35. Bxd6 Rxf2 36. Bxe7 Nxe7 37. Rxf2 Rxf2 38. d6 Nc6 39. d7 Rxe2 40. Qd5 Re1+
41. Kh2 c4 42. Bf3 cxb3 43. Bg4 Nd8 44. Bf5+ Kh8 45. Qxa5 Bf6 46. Qxa6 Kg7 47.
e5 Bxe5+ 48. Kg2 Bf6 49. Qd3 Re5 50. Qg3+ Kf7 51. Qxb3+ Kg7 52. Bg4 h5 53. Bf3
Be7 54. Qb2 Kf6 55. a5 Ke6 56. a6 Bc5 57. a7 Bxa7 58. Qa2+ Kxd7 59. Qxa7+ Ke6
60. Qb6+ Ke7 61. Qxb4+ Kf6 62. Qh4+ Rg5+ 63. Kf2 Ne6 64. Bxh5 Ng7 65. Bg4 Kg6
66. Qg3 Nh5 67. Qd3+ Kh6 68. Qd6+ Kg7 69. Qe7+ Kg6 70. Kf3 Nf6 71. Qe6 Kg7 72.
Kf4 Ra5 73. Bf5 Ra7 74. Kg5 Nh7+ 75. Bxh7 Kxh7 76. Qe4+ Kg8 77. Qe8+ Kg7 78.
Qg6+ Kf8 79. Qd6+ Ke8 80. Qb8+ 1-0

[Event "September Lviv Tradition (IM-group)"]
[Site "Lviv"]
[Date "2015.09.30"]
[Round "4.2"]
[White "Nesteretz, Anatoliy"]
[Black "Vasina, Olena"]
[Result "1-0"]
[WhiteElo "2422"]
[BlackElo "2072"]
[PlyCount "141"]
[EventDate "2015.09.28"]

1. e4 c5 2. Nf3 e6 3. d4 cxd4 4. Nxd4 a6 5. Bd3 b5 6. a4 b4 7. Nd2 Bb7 8. Qe2
Be7 9. c3 Nf6 10. O-O Nc6 11. Nxc6 Bxc6 12. cxb4 Bxb4 13. e5 Nd5 14. Qg4 g6 15.
Ne4 Qb8 16. Qg3 Be7 17. Bg5 Bxg5 18. Qxg5 h6 19. Qg3 Kf8 20. Nd6 Rg8 21. Be4
Ne7 22. Qf4 Rg7 23. Bxc6 Nxc6 24. Qxh6 Kg8 25. Qg5 Qd8 26. Qf4 g5 27. Qe3 Rb8
28. Rac1 Qa5 29. Rc5 Qxa4 30. Ne4 Rg6 31. Nf6+ Kg7 32. Nxd7 Rb3 33. Rc3 Rxc3
34. Qxc3 Nd4 35. Qc8 Qb4 36. Nf6 Rxf6 37. exf6+ Kxf6 38. Qd8+ Kg6 39. Rd1 e5
40. Qg8+ Kf6 41. Qh8+ Ke6 42. Qc8+ Ke7 43. Qxa6 Qxb2 44. Qd3 Kf6 45. h3 Ne2+
46. Kh2 Nd4 47. Rb1 Qe2 48. Rb6+ Kg7 49. Qxe2 Nxe2 50. g3 f6 51. Kg2 Kg6 52.
Rb1 Nc3 53. Ra1 Ne2 54. Kf3 Nd4+ 55. Ke4 Ne6 56. Rc1 Ng7 57. Rc6 Nf5 58. Ra6
Ne7 59. Rb6 Nf5 60. Kd5 Nd4 61. Kd6 Nf5+ 62. Kd7 Nd4 63. Ke7 Nf5+ 64. Kf8 g4
65. hxg4 Nh6 66. f3 e4 67. Rb7 f5 68. Rg7+ Kf6 69. g5+ Ke6 70. Re7+ Kd6 71.
gxh6 1-0

[Event "September Lviv Tradition (IM-group)"]
[Site "Lviv"]
[Date "2015.09.30"]
[Round "4.3"]
[White "Shkuran, Daniil"]
[Black "Anwesh, Upadhyaya"]
[Result "1/2-1/2"]
[WhiteElo "2433"]
[BlackElo "2412"]
[PlyCount "61"]
[EventDate "2015.09.28"]

1. d4 Nf6 2. Nf3 d5 3. c4 c6 4. e3 e6 5. Qc2 Nbd7 6. Nbd2 c5 7. Be2 b6 8. O-O
Bb7 9. dxc5 Bxc5 10. a3 O-O 11. b4 Be7 12. Bb2 Rc8 13. Qb3 Qc7 14. Rac1 Qb8 15.
h3 Rfd8 16. Rfd1 h6 17. Qa2 Qa8 18. Qa1 dxc4 19. Nxc4 Nf8 20. Rxd8 Rxd8 21. Rd1
Rxd1+ 22. Qxd1 Bd5 23. Ne1 N8d7 24. Bf3 Bxf3 25. Nxf3 Qd5 26. Qxd5 Nxd5 27. Kf1
f6 28. Ke2 Kf7 29. g3 b5 30. Ncd2 a6 31. Kd3 $11 1/2-1/2

[Event "September Lviv Tradition (IM-group)"]
[Site "Lviv"]
[Date "2015.09.30"]
[Round "4.4"]
[White "Andersen, Alf R"]
[Black "Bondarets, Vadim"]
[Result "1/2-1/2"]
[WhiteElo "2178"]
[BlackElo "2289"]
[PlyCount "111"]
[EventDate "2015.09.28"]

1. e4 d6 2. d4 Nf6 3. Nc3 Nbd7 4. Nf3 e5 5. Bc4 h6 6. Be3 Be7 7. Qe2 c6 8.
O-O-O Qc7 9. Nh4 b5 10. Bd3 b4 11. Nb1 Nb6 12. Nd2 Nxe4 13. Nxe4 Bxh4 14. dxe5
dxe5 15. Ng3 O-O 16. Qh5 Qe7 17. Nf5 Bxf5 18. Qxf5 g6 19. Qe4 Rfc8 20. g3 Bg5
21. h4 Bxe3+ 22. Qxe3 Kg7 23. Rhe1 Re8 24. Be4 Rac8 25. Kb1 h5 26. Bg2 Qf6 27.
Qe2 Rcd8 28. Be4 c5 29. f3 Rxd1+ 30. Rxd1 Rd8 31. b3 Rd4 32. Rxd4 cxd4 33. Qb5
Qe7 34. g4 hxg4 35. fxg4 f6 36. h5 gxh5 37. gxh5 Kh6 38. Qe2 Qg7 39. Bg6 Nd5
40. Qd2+ Nf4 41. Qxb4 Nxg6 42. hxg6 Kxg6 43. Qb8 f5 44. Qe8+ Kg5 45. Qd8+ Kg4
46. Qd5 e4 47. a4 Kf4 48. a5 e3 49. Qc4 Kf3 50. Qf1+ Ke4 51. Qd3+ Ke5 52. Qb5+
Ke6 53. Qc6+ Ke5 54. Qb5+ Kd6 55. Qa6+ Ke5 56. Qb5+ $11 1/2-1/2

[Event "September Lviv Tradition (IM-group)"]
[Site "Lviv"]
[Date "2015.09.30"]
[Round "4.5"]
[White "Lizak, Jakub"]
[Black "Walter, Szymon"]
[Result "1/2-1/2"]
[WhiteElo "2113"]
[BlackElo "2214"]
[PlyCount "61"]
[EventDate "2015.09.28"]

1. e4 c5 2. Nf3 e6 3. d4 cxd4 4. Nxd4 Nc6 5. Nc3 Qc7 6. Be3 a6 7. Qf3 d6 8.
O-O-O Nf6 9. Be2 Be7 10. Qg3 O-O 11. f4 Bd7 12. Rhf1 Rac8 13. Kb1 b5 14. e5 Ne8
15. Nxc6 Bxc6 16. Bd3 Qb7 17. f5 dxe5 18. fxe6 f6 19. Qg4 b4 20. Ne4 Bd5 21.
Ng3 Kh8 22. b3 Qc6 23. Nf5 Qxe6 24. Qh4 e4 25. Nd4 Qf7 26. Bxe4 Bxe4 27. Qxe4
Nd6 28. Qe6 Qxe6 29. Nxe6 Rfe8 30. Nd4 Ne4 31. Kb2 1/2-1/2

[Event "September Lviv Tradition (IM-group)"]
[Site "Lviv"]
[Date "2015.09.30"]
[Round "4.6"]
[White "Naboka, Sergey"]
[Black "Tarleva, Vira"]
[Result "0-1"]
[WhiteElo "2237"]
[BlackElo "2107"]
[PlyCount "90"]
[EventDate "2015.09.28"]

1. e4 c5 2. Nf3 d6 3. d4 cxd4 4. Nxd4 Nf6 5. f3 e5 6. Bb5+ Nbd7 7. Nf5 d5 8.
exd5 a6 9. Ba4 b5 10. Bb3 Nc5 11. Ne3 Nxb3 12. axb3 Bc5 13. c4 Nh5 14. O-O f5
15. b4 Bxb4 16. d6 Be6 17. Nd5 Bc5+ 18. Kh1 Qxd6 19. f4 Bxd5 20. fxe5 Bxg2+ 21.
Kxg2 Qg6+ 22. Kh1 Rd8 23. Qf3 O-O 24. cxb5 axb5 25. Nc3 f4 26. Ne4 Ng3+ 27.
hxg3 fxg3 28. Bf4 Rxf4 29. Qxf4 g2+ 30. Kh2 gxf1=Q 31. Rxf1 Rf8 32. Nf6+ gxf6
33. exf6 Rd8 34. Kh1 Qh5+ 35. Kg2 Bd6 36. Qe4 Kf7 37. Qb7+ Ke6 38. Re1+ Kxf6
39. Rf1+ Ke6 40. Qe4+ Kd7 41. Rf5 Rg8+ 42. Kf1 Qd1+ 43. Kf2 Qg1+ 44. Ke2 Re8
45. Rf7+ Kd8 0-1

[Event "September Lviv Tradition (IM-group)"]
[Site "Lviv"]
[Date "2015.09.30"]
[Round "5.2"]
[White "Walter, Szymon"]
[Black "Naboka, Sergey"]
[Result "0-1"]
[WhiteElo "2214"]
[BlackElo "2237"]
[PlyCount "80"]
[EventDate "2015.09.28"]

1. e4 c5 2. Nf3 Nc6 3. d4 cxd4 4. Nxd4 e5 5. Nb5 d6 6. N1c3 a6 7. Na3 Be7 8.
Nc4 b5 9. Ne3 Nf6 10. g3 h5 11. Bg2 h4 12. O-O Be6 13. Nf5 Bxf5 14. exf5 Nd4
15. Nd5 Rc8 16. c3 Nxf5 17. Nxf6+ Bxf6 18. Bh3 g6 19. g4 Ng7 20. g5 Be7 21.
Bxc8 Qxc8 22. f4 h3 23. Qf3 Nf5 24. a4 b4 25. cxb4 Nd4 26. Qe4 Qc4 27. Rf2 Rh4
28. Bd2 Bxg5 29. Rc1 Qe6 30. Qb7 Bd8 31. fxe5 dxe5 32. Re1 Rg4+ 33. Kh1 Bh4 34.
Qb8+ Kd7 35. Qb7+ Kd6 36. Qxa6+ Nc6 37. Qd3+ Rd4 38. Qe2 Bxf2 39. Qxf2 Qd5+ 40.
Kg1 Rxd2 0-1

[Event "September Lviv Tradition (IM-group)"]
[Site "Lviv"]
[Date "2015.09.30"]
[Round "5.3"]
[White "Bondarets, Vadim"]
[Black "Lizak, Jakub"]
[Result "1-0"]
[WhiteElo "2289"]
[BlackElo "2113"]
[PlyCount "87"]
[EventDate "2015.09.28"]

1. c4 c5 2. Nf3 Nc6 3. d4 cxd4 4. Nxd4 g6 5. e4 Bg7 6. Nc2 d6 7. Be2 Qb6 8. Nc3
Bxc3+ 9. bxc3 Nf6 10. f3 Qa5 11. Bd2 Be6 12. Ne3 Rc8 13. O-O Ne5 14. Qb3 Qa6
15. Rab1 b6 16. Qb5+ Qxb5 17. cxb5 Nc4 18. Nxc4 Bxc4 19. Kf2 d5 20. exd5 Nxd5
21. Rfc1 e6 22. a4 Ke7 23. a5 Bxe2 24. Kxe2 Rc4 25. axb6 axb6 26. Ra1 Kd6 27.
g3 Kc5 28. Ra7 f5 29. Be1 Kxb5 30. Rb1+ Kc6 31. Kd3 b5 32. Ra6+ Kb7 33. Rxe6
Rc5 34. Bf2 Rxc3+ 35. Kd2 Rxf3 36. Rxb5+ Kc7 37. Bd4 Ra8 38. Rxd5 Ra2+ 39. Ke1
Rb3 40. Be5+ Kb7 41. Re7+ Kc6 42. Rd6+ Kb5 43. Rb7+ Kc4 44. Rd4+ 1-0

[Event "September Lviv Tradition (IM-group)"]
[Site "Lviv"]
[Date "2015.09.30"]
[Round "5.4"]
[White "Anwesh, Upadhyaya"]
[Black "Andersen, Alf R"]
[Result "1/2-1/2"]
[WhiteElo "2412"]
[BlackElo "2178"]
[PlyCount "107"]
[EventDate "2015.09.28"]

1. c4 e5 2. g3 f5 3. Bg2 Nf6 4. d4 exd4 5. Qxd4 Nc6 6. Qd3 d6 7. Nf3 Be7 8. Nc3
O-O 9. O-O Qe8 10. Re1 Qh5 11. Bf4 Kh8 12. Nd5 Bd8 13. c5 dxc5 14. Nxc7 Bxc7
15. Bxc7 Qf7 16. Bf4 Ne4 17. Ng5 Nxg5 18. Bxg5 Be6 19. a3 Nd4 20. Rac1 Nb3 21.
Rcd1 Nd4 22. b4 Bc4 23. Qd2 h6 24. Be3 Rad8 25. Bxd4 Rxd4 26. Qb2 Rxd1 27. Rxd1
cxb4 28. axb4 Qe7 29. e3 b6 30. Rd4 Bb5 31. Qd2 Rc8 32. h4 Bc6 33. Bxc6 Rxc6
34. Rd7 Qe5 35. Rxa7 Rd6 36. Qc2 Qd5 37. Qc3 Rg6 38. Rc7 Qd1+ 39. Kg2 Qd5+ 40.
Kh2 Kh7 41. Rc8 Rg4 42. Rc7 Qf3 43. Qb2 Qe4 44. Qc3 Qf3 45. Qb2 Qe4 46. Kg1 Qd5
47. b5 Qd1+ 48. Kg2 Qd5+ 49. f3 Rxg3+ 50. Kxg3 Qd6+ 51. f4 Qxc7 52. Qd4 Qc1 53.
Kf2 Qc2+ 54. Kg3 $11 1/2-1/2

[Event "September Lviv Tradition (IM-group)"]
[Site "Lviv"]
[Date "2015.09.30"]
[Round "5.5"]
[White "Vasina, Olena"]
[Black "Shkuran, Daniil"]
[Result "0-1"]
[WhiteElo "2072"]
[BlackElo "2433"]
[PlyCount "78"]
[EventDate "2015.09.28"]

1. c4 Nf6 2. Nc3 g6 3. e4 d6 4. d4 Bg7 5. f3 O-O 6. Be3 e5 7. Nge2 Nc6 8. Qb3
exd4 9. Nxd4 Nxd4 10. Bxd4 Nxe4 11. Bxg7 Nc5 12. Qc2 Re8+ 13. Be2 Kxg7 14. O-O
a5 15. Nd5 Be6 16. Qc3+ f6 17. Nf4 Bf7 18. Rfe1 Qd7 19. Rad1 Qc6 20. h4 Re5 21.
Bf1 Qb6 22. Kh1 Qb4 23. Rxe5 Qxc3 24. bxc3 dxe5 25. Nd5 Rd8 26. Kg1 c6 27. Ne3
Rxd1 28. Nxd1 f5 29. g3 Kf6 30. Kf2 f4 31. g4 e4 32. Nb2 Ke5 33. g5 e3+ 34. Ke1
Be6 35. a4 Bf5 36. Kd1 Ke6 37. Be2 Kf7 38. Kc1 h6 39. gxh6 Kg8 0-1

[Event "September Lviv Tradition (IM-group)"]
[Site "Lviv"]
[Date "2015.09.30"]
[Round "5.6"]
[White "Hagesather, Ellen"]
[Black "Nesteretz, Anatoliy"]
[Result "1-0"]
[WhiteElo "2192"]
[BlackElo "2422"]
[PlyCount "87"]
[EventDate "2015.09.28"]

1. c4 e5 2. g3 Nf6 3. Bg2 Nc6 4. Nc3 Bb4 5. Nd5 Nxd5 6. cxd5 Ne7 7. Nf3 e4 8.
Nd4 f5 9. O-O c6 10. dxc6 dxc6 11. e3 Qd6 12. d3 exd3 13. Qxd3 Be6 14. Qc2 O-O
15. a3 Ba5 16. b4 Bb6 17. Nxe6 Qxe6 18. Bb2 Rf7 19. Rad1 Ng6 20. b5 Rc8 21.
bxc6 bxc6 22. Rd3 Bd8 23. Rfd1 Bf6 24. Bxf6 Rxf6 25. Qc5 Rcf8 26. Qxa7 Ne5 27.
Rc3 g5 28. f4 gxf4 29. exf4 Ng4 30. h3 R6f7 31. Qc5 Qe2 32. Rf1 Nf6 33. Qxf5
Rg7 34. Qd3 Qe7 35. Bxc6 h5 36. Bg2 Kh8 37. Qe3 Qf7 38. Rc5 Qd7 39. Rg5 Re7 40.
Qc3 Kh7 41. Re1 Rxe1+ 42. Qxe1 Qa7+ 43. Kh2 Qxa3 44. Qb1+ 1-0